Which City is closer - Vienna or Rome? - Statistics

General Stats
  • This quiz has been taken 33 times
  • The average score is 10 of 15
Answer Stats
Question Answer % Correct
Which city is closer to Berlin? Vienna
97%
Which city is closer to Ljubljana? Vienna
91%
Which city is closer to Tokyo? Vienna
84%
Which city is closer to Lima? Rome
81%
Which city is closer to Miami? Rome
78%
Which city is closer to Jerusalem? Rome
75%
Which city is closer to Riyadh? Rome
75%
Which city is closer to Santo Domingo? Rome
75%
Which city is closer to Trieste? Vienna
75%
Which city is closer to Milan? Rome
72%
Which city is closer to Paris? Vienna
66%
Which city is closer to Geneva? Rome
63%
Which city is closer to Sarajevo? Vienna
44%
Which city is closer to Istanbul? Vienna
38%
Which city is closer to Dubai? Vienna
25%
No matching quizzes found
Score Distribution
Percent of People with Each Score
Percentile by Number Answered
Your Score History
You have not taken this quiz